000 00402nam a2200181Ia 4500
001 21131
005 20260306172856.0
008 260306t2007||||xx |||||||||||||| ||spa||
041 _aESP
082 _a344
_bV86
100 _aVon Listz, Franz
_eAUT
245 0 _aTratado de derecho penal
260 _c2007
300 _a
_c21 cm.
650 _aGEN
654 _aCDE
942 _cLIB
_dJUS
_fJUS
_2ddc
_n
999 _c21131
_d21131